Szczegóły MARC21

Kino klasyczne /

003 -Nazwa inst., której nr kontr. jest w polu 001 [,]
    • @
    • Nazwa instytucji, której n kontrolny jest w polu 001
    • NUKAT
005 -DATA I CZAS OSTATNIEJ MODYFIKACJI [,]
    • @
    • pole kontrolne
    • 20241231095744.0
020 -Międzynarod. znormalizowany nr książki - ISBN [ , ]
    • a
    • Numer ISBN
    • 9788324222346 Find
040 -Instytucja sporządzająca opis [ , ]
    • a
    • Instytucja, która sporządziła opis (NP)
    • SIEDL 001/EC
    • c
    • Instytucja, która sporządziła rekord (NP)
    • SIEDL 001/EC
    • d
    • Instytucja, która zmodyfikowała rekord (P)
    • OLSZT 003/DKs
    • d
    • Instytucja, która zmodyfikowała rekord (P)
    • SZCZ U/JS
942 -Rodzaj dokumentu [ , ]
    • c
    • Rodzaj dokumentu
    • Książka
245 -Strefa tytułu i oznaczenia odpowiedzialności [0,0]
    • a
    • Tytuł
    • Kino klasyczne / Find
    • c
    • Pozostałe elementy strefy tytułu i oznaczenia odpowiedzialności (NP)
    • red. nauk. Tadeusz Lubelski, Iwona Sowińska, Rafał Syska.
260 -Strefa adresu wydawniczego [ , ]
    • a
    • Miejsce wydania (P)
    • Kraków :
    • b
    • Nazwa wydawcy (P)
    • Towarzystwo Autorów i Wydawców Prac Naukowych Universitas,
    • c
    • Data wydania (P)
    • cop. 2012.
300 -Strefa opisu fizycznego [ , ]
    • a
    • Określenie formy książki i/lub objętość (NP)
    • 1242, [2] s. :
    • b
    • Oznaczenie ilustracji (NP)
    • il. ;
    • c
    • Format (NP)
    • 25 cm.
336 -Typ zawartości [ , ]
    • a
    • Termin opisujący typ zawartości
    • Tekst
    • b
    • Kod określający zawartość
    • txt
    • 2
    • Źródło (terminu i kodu)
    • rdacontent
337 -Typ mediów [ , ]
    • a
    • Tryb odtwarzania
    • Bez urządzenia pośredniczącego
    • b
    • Kod typu mediów
    • n
    • 2
    • Źródło (terminu i kodu)
    • rdamedia
338 -Typ/rodzaj nośnika [ , ]
    • a
    • Hasło opisujące typ nośnika
    • Wolumin
    • b
    • Kod typu nośnika
    • nc
    • 2
    • Źródło (terminu i kodu)
    • rdacarrier
490 -Strefa serii i książki wielotomowej - forma nie do wyszukiwania [1, ]
    • a
    • Tytuł (P)
    • Historia kina / red. nauk. Tadeusz Lubelski, Iwona Sowińska, Rafał Syska ; Find
    • v
    • Numeracja (P)
    • t. 2
830 -Hasło dodatkowe serii i opisu książki wielotomowej - tytuł ujednolicony/tytuł [ ,0]
    • a
    • Tytuł ujednolicony/tytuł (NP)
    • Historia Kina
    • v
    • Oznaczenie tomu (NP)
    • t. 2
    • 9
    • KHW
    • 19544
504 -Uwaga dot. bibliogr. załącznikowej [ , ]
    • a
    • Uwaga dot. bibliografii załącznikowej
    • Indeks: nazwisk, filmów.
080 -Uniwersalna Klasyfikacja Dziesiętna [ , ]
    • 2
    • Identyfikator wydania tablic
    • UDC-P058
    • 9
    • UKD
    • 6200
    • a
    • Symbol klasyfikacji
    • 791(091)
    • b
    • Dopowiedzenie
    • Historia filmu.
    • 4
    • UKD2
    • 7665
    • x
    • Poddział wspólny
    • (075.8)
    • c
    • Dopowiedzenie poddz. wspólnego
    • (Podręczniki dla szkół wyższych. Skrypty).
080 -Uniwersalna Klasyfikacja Dziesiętna [ , ]
    • 2
    • Identyfikator wydania tablic
    • UDC-P058
    • 9
    • UKD
    • 6231
    • a
    • Symbol klasyfikacji
    • 791.62/.63
    • b
    • Dopowiedzenie
    • Produkcja filmu. Kinematografia. Aspekty techniczne i estetyczne.
    • 4
    • UKD2
    • 7666
    • x
    • Poddział wspólny
    • (091)
    • c
    • Dopowiedzenie poddz. wspólnego
    • (Opracowania historyczne).
    • 4
    • UKD2
    • 7665
    • x
    • Poddział wspólny
    • (075.8)
    • c
    • Dopowiedzenie poddz. wspólnego
    • (Podręczniki dla szkół wyższych. Skrypty).
650 -Hasło przedmiotowe [ ,7]
    • a
    • Hasło przedmiotowe
    • Kino
    • y
    • Określnik chronologiczny
    • 1929-1945
    • x
    • Określnik rzeczowy
    • historia i krytyka.
    • 2
    • Źródło terminu
    • kaba
    • 9
    • KHW
    • 382244
650 -Hasło przedmiotowe [ ,7]
    • a
    • Hasło przedmiotowe
    • Kino
    • y
    • Określnik chronologiczny
    • 1945-1960
    • x
    • Określnik rzeczowy
    • historia i krytyka.
    • 2
    • Źródło terminu
    • kaba
    • 9
    • KHW
    • 382245
650 -Hasło przedmiotowe [ ,7]
    • a
    • Hasło przedmiotowe
    • Kino
    • x
    • Określnik rzeczowy
    • historia i krytyka.
    • 2
    • Źródło terminu
    • kaba
    • 9
    • KHW
    • 114377
980 -Symbol UKD [ , ]
    • a
    • UKD
    • 791(091):791.62/.63(091)](075.8)
700 -Hasło dodatkowe - nazwa osobowa [1, ]
    • a
    • Nazwa osobowa (NP)
    • Lubelski, Tadeusz Find
    • d
    • Daty biograficzne (NP)
    • (1949- ).
    • e
    • Określenie rodzaju współpracy
    • Red.
    • 9
    • KHW
    • 55541
700 -Hasło dodatkowe - nazwa osobowa [1, ]
    • a
    • Nazwa osobowa (NP)
    • Sowińska, Iwona Find
    • d
    • Daty biograficzne (NP)
    • (1958-2022).
    • e
    • Określenie rodzaju współpracy
    • Red.
    • 9
    • KHW
    • 19542
700 -Hasło dodatkowe - nazwa osobowa [1, ]
    • a
    • Nazwa osobowa (NP)
    • Syska, Rafał. Find
    • e
    • Określenie rodzaju współpracy
    • Red.
    • 9
    • KHW
    • 19543
710 -Hasło dodatkowe - nazwa ciała zbiorowego [2, ]
    • a
    • Nazwa ciała zbiorowego lub nazwa geograficzna jako pierwszy element (NP)
    • Towarzystwo Autorów i Wydawców Prac Naukowych "Universitas".
    • 4
    • Kod relacji
    • pbl
    • 9
    • KHW
    • 56074
920 -ISBN [ , ]
    • a
    • ISBN
    • 97883-242-2234-6 Find
Status udost. Sygnatura Lokalizacja Data inwentaryzacji Numer inwentarzowy
-3 BG2015-11-05WM.18292
-3 BG2015-11-05WM.18293
1POL. Film 18BM2013-12-05P.24229